000 00288nam a2200109Ia 4500
008 260210s9999 xx 000 0 und d
020 _a9788957707333
100 _aArchiworld
245 0 _aDetail Plus Interior+Architecture, Vol. Iv (Price Printed)
260 _bArchiworld
942 _cBDES
999 _c14090
_d14090